000 00490nam a2200157 i 4500
001 23443
003 ES-MaACL
005 20230906152855.0
007 t|
008 021210s1937 sp ||||1| spa d
100 1 _aAlvarez Guerra, José.
_920833
245 1 0 _aUnidad simbólica y destino del hombre en la tierra o Filosofía de la razón por un amigo del hombre /
_cJosé Alvarez Guerra.
260 _aMadrid :
_bMarcelino Caleso,
_c1937.
300 _a2 v.
852 _aES-MaACL
_jG-9275-6
999 _c23443
_d23443